| 000 | 00747nam a22002534i 4500 | ||
|---|---|---|---|
| 001 | 200448354 | ||
| 999 |
_c200448354 _d66566 |
||
| 003 | TR-AnTOB | ||
| 005 | 20240823074042.0 | ||
| 008 | 220404s2016 tu 000 0 tur d | ||
| 040 |
_aTR-AnTOB _beng _erda _cTR-AnTOB |
||
| 041 | 0 | _atur | |
| 050 |
_aKKX1710 _b.H85 2016 |
||
| 090 |
_aKKX1710 _b.H85 2016 |
||
| 245 | 0 | 0 | _aHukuk Muhakemeleri Kanunu tasarısı. |
| 264 | 1 |
_aAnkara : _bAdalet Bakanlığı, _c2008. |
|
| 300 |
_aXX, 362 pages ; _c24 cm |
||
| 336 |
_atext _btxt _2rdacontent |
||
| 337 |
_aunmediated _bn _2rdamedia |
||
| 338 |
_avolume _bnc _2rdacarrier |
||
| 650 | 7 |
_aMedeni usul _zTürkiye _2etuturkob _9115852 |
|
| 710 | 1 |
_aTurkey. _bAdalet Bakanlığı _973945 |
|
| 942 |
_2lcc _cBK |
||